[Event "Felix Cup 22nd"]
[Site "Felix Spa"]
[Date "2007.05.30"]
[Round "8"]
[White "Bucur, Sorin"]
[Black "Craciun, Gheorghe"]
[Result "1/2-1/2"]
[WhiteElo "2096"]
[BlackElo "1953"]
[PlyCount "103"]
[EventDate "2007.05.25"]
[EventType "swiss"]
[EventRounds "9"]
[EventCountry "ROU"]
[SourceTitle "CBM 118 Extra"]
[Source "ChessBase"]
[SourceDate "2007.07.04"]
[SourceVersion "1"]
[SourceVersionDate "2007.07.04"]
[SourceQuality "1"]

1. d4 Nf6 2. c4 e6 3. Nf3 c6 4. g3 d5 5. cxd5 exd5 6. Bg2 Bf5 7. 0-0 Bd6 8. Nc3 0-0 9. Bg5 Nbd7 10. Qc1 h6 11. Bf4 Bxf4 12. Qxf4 Bh7 13. Rfe1 Re8 14. Rac1 Ne4 15. Nxe4 Bxe4 16. Qd6 Re6 17. Qb4 Qb6 18. Qxb6 Nxb6 19. b3 Rae8 20. Bh3 R6e7 21. Nd2 Bg6 22. e3 Nc8 23. Bxc8 Rxc8 24. b4 a6 25. a4 Rec7 26. Rc3 f6 27. Rec1 Be8 28. Rc5 b6 29. R5c3 Kf7 30. Nf3 Ke7 31. Ne1 Kd6 32. Nd3 Bg6 33. Nf4 Be8 34. Kf1 g5 35. Nd3 Bg6 36. Ke2 Bxd3+ 37. Kxd3 c5 38. bxc5+ bxc5 39. dxc5+ Rxc5 40. f3 f5 41. h3 h5 42. g4 fxg4 43. Rxc5 Rxc5 44. Rxc5 Kxc5 45. fxg4 hxg4 46. hxg4 a5 47. Kc3 Kc6 48. Kd4 Kd6 49. e4 dxe4 50. Kxe4 Ke6 51. Kd4 Kd6 52. Ke4 1/2-1/2

[Event "IECC TH-T email"]
[Site "IECC email"]
[Date "2001.10.30"]
[Round "?"]
[White "Bucur, Sorin"]
[Black "Marcotulli, Giancarlo"]
[Result "0-1"]
[WhiteElo "1827"]
[BlackElo "2303"]
[PlyCount "90"]
[EventDate "2001.??.??"]
[EventType "match (corr)"]
[EventRounds "2"]
[SourceTitle "Corr 2008"]
[Source "ChessBase"]
[SourceDate "2008.06.24"]
[SourceVersion "1"]
[SourceVersionDate "2008.06.24"]
[SourceQuality "1"]

1. d4 Nf6 2. c4 c5 3. d5 e6 4. Nc3 exd5 5. cxd5 d6 6. e4 g6 7. Nf3 Bg7 8. Bd3 0-0 9. 0-0 Bg4 10. h3 Bxf3 11. Qxf3 a6 12. Bf4 b5 13. Rfe1 Re8 14. e5 dxe5 15. Bxe5 Nbd7 16. Bd6 b4 17. Na4 Qa5 18. b3 Rac8 19. Rad1 c4 20. Bxc4 Rxc4 21. bxc4 Qxa4 22. Qb3 Qxb3 23. axb3 Rxe1+ 24. Rxe1 Bf8 25. Bc7 Nc5 26. Re3 Bh6 27. f4 Nfe4 28. g4 Bg7 29. Kg2 Bd4 30. Re2 f5 31. gxf5 gxf5 32. Ra2 Bc3 33. Bb6 Nxb3 34. Rxa6 Nbd2 35. c5 b3 36. Ra8+ Kf7 37. Ra7+ Kg6 38. Rb7 b2 39. Ba7 b1Q 40. Rxb1 Nxb1 41. d6 Kf6 42. d7 Ke7 43. c6 Ba5 44. Bb8 Na3 45. Be5 Nc2 0-1

[Event "IECC TH-T email"]
[Site "IECC email"]
[Date "2001.10.30"]
[Round "?"]
[White "Marcotulli, Giancarlo"]
[Black "Bucur, Sorin"]
[Result "1-0"]
[WhiteElo "2293"]
[BlackElo "1818"]
[PlyCount "81"]
[EventDate "2001.??.??"]
[EventType "match (corr)"]
[EventRounds "2"]
[SourceTitle "Corr 2008"]
[Source "ChessBase"]
[SourceDate "2008.06.24"]
[SourceVersion "1"]
[SourceVersionDate "2008.06.24"]
[SourceQuality "1"]

1. d4 Nf6 2. c4 c5 3. d5 e6 4. Nc3 exd5 5. cxd5 d6 6. e4 Be7 7. Be2 Nbd7 8. Qa4 0-0 9. Nf3 a6 10. Qc2 b5 11. 0-0 Qc7 12. a4 b4 13. Nd1 Re8 14. Ne3 Nf8 15. Nc4 Ng6 16. Re1 Bd8 17. Bf1 Bg4 18. Qd3 h6 19. Bd2 a5 20. e5 Nxe5 21. Nfxe5 dxe5 22. d6 Qb7 23. Nxe5 Be6 24. Rac1 Bb6 25. Qg3 Ne4 26. Rxe4 Qxe4 27. Bd3 Qd4 28. Bxh6 Bg4 29. Nxg4 Qxb2 30. Bg5 Bd8 31. Nh6+ Kf8 32. Nxf7 Bxg5 33. Qxg5 Qd4 34. Qf5 Qf6 35. Qxc5 Kxf7 36. Qh5+ Ke6 37. Bc4+ Kxd6 38. Qd5+ Kc7 39. Bb5+ Kb8 40. Bxe8 Ra7 41. Bc6 1-0

[Event "IECC KO email"]
[Site "IECC email"]
[Date "2001.06.15"]
[Round "?"]
[White "Bucur, Sorin"]
[Black "Hoefer, Hans Peter"]
[Result "1/2-1/2"]
[WhiteElo "1741"]
[BlackElo "1909"]
[PlyCount "56"]
[EventDate "2001.??.??"]
[EventType "tourn (corr)"]
[EventRounds "6"]
[SourceTitle "Corr 2008"]
[Source "ChessBase"]
[SourceDate "2008.06.24"]
[SourceVersion "1"]
[SourceVersionDate "2008.06.24"]
[SourceQuality "1"]

1. e4 d6 2. d4 Nf6 3. Nc3 g6 4. Nf3 Bg7 5. h3 c6 6. Bd3 0-0 7. 0-0 Nbd7 8. Bf4 c5 9. d5 a6 10. a4 b6 11. Qd2 Qc7 12. Bh6 Rd8 13. Bxg7 Kxg7 14. Rfe1 h6 15. Bc4 Ne5 16. Nxe5 dxe5 17. Qd3 Qd6 18. Rad1 Rd7 19. Ne2 Bb7 20. Ng3 Ne8 21. Qc3 Qf6 22. a5 b5 23. Be2 Rc7 24. Qb3 Nd6 25. c4 b4 26. Qd3 Rd8 27. b3 Qf4 28. Qc2 Ne8 1/2-1/2

[Event "IECC KO email"]
[Site "IECC email"]
[Date "2001.04.16"]
[Round "?"]
[White "Ventimiglia, Charles"]
[Black "Bucur, Sorin"]
[Result "1/2-1/2"]
[WhiteElo "2007"]
[BlackElo "1461"]
[PlyCount "51"]
[EventDate "2001.??.??"]
[EventType "tourn (corr)"]
[EventRounds "6"]
[SourceTitle "Corr 2008"]
[Source "ChessBase"]
[SourceDate "2008.06.24"]
[SourceVersion "1"]
[SourceVersionDate "2008.06.24"]
[SourceQuality "1"]

1. e4 c5 2. d4 cxd4 3. c3 dxc3 4. Nxc3 Nc6 5. Bc4 e6 6. Nf3 Nf6 7. Qe2 a6 8. e5 d5 9. exf6 dxc4 10. fxg7 Bxg7 11. Qxc4 Bd7 12. 0-0 Rc8 13. Ne4 0-0 14. Bg5 f6 15. Bh4 Ne5 16. Qb3 Nxf3+ 17. Qxf3 Bc6 18. Qh3 Qd5 19. Nc3 Qc4 20. b3 Qb4 21. Rac1 f5 22. Rfe1 Bd7 23. Red1 Be8 24. Ne2 Rxc1 25. Nxc1 Rf7 26. Qg3 1/2-1/2

[Event "IECC CL5-2001.12"]
[Site "IECC email"]
[Date "2001.04.15"]
[Round "?"]
[White "Ranaivojaona, Roger"]
[Black "Bucur, Sorin"]
[Result "0-1"]
[WhiteElo "1536"]
[BlackElo "1547"]
[PlyCount "38"]
[EventDate "2001.??.??"]
[EventType "tourn (corr)"]
[EventRounds "4"]
[SourceTitle "Corr 2008"]
[Source "ChessBase"]
[SourceDate "2008.06.24"]
[SourceVersion "1"]
[SourceVersionDate "2008.06.24"]
[SourceQuality "1"]

1. e4 c6 2. d4 d5 3. e5 Bf5 4. g4 Be4 5. f3 Bg6 6. Nc3 e6 7. h4 h5 8. g5 Nd7 9. Bd3 Ne7 10. Bxg6 Nxg6 11. f4 Bb4 12. Nge2 c5 13. Be3 0-0 14. Ng3 Qa5 15. Qd2 Nb6 16. 0-0-0 Nc4 17. Qd3 Nxb2 18. Kxb2 c4 19. Qd2 Qa3+ 0-1

[Event "IECC CL5-2001.12"]
[Site "IECC email"]
[Date "2001.04.15"]
[Round "?"]
[White "Williams, Derek"]
[Black "Bucur, Sorin"]
[Result "1/2-1/2"]
[WhiteElo "1601"]
[BlackElo "1740"]
[PlyCount "121"]
[EventDate "2001.??.??"]
[EventType "tourn (corr)"]
[EventRounds "4"]
[SourceTitle "Corr 2008"]
[Source "ChessBase"]
[SourceDate "2008.06.24"]
[SourceVersion "1"]
[SourceVersionDate "2008.06.24"]
[SourceQuality "1"]

1. d4 c5 2. dxc5 e6 3. b4 a5 4. Nc3 axb4 5. Ne4 d5 6. cxd6 f5 7. Bg5 Nf6 8. Nxf6+ gxf6 9. Bf4 e5 10. e4 Bxd6 11. Be3 Qc7 12. Bb5+ Bd7 13. Bxd7+ Nxd7 14. exf5 Qc3+ 15. Bd2 Qc6 16. Nf3 Qe4+ 17. Be3 Bc5 18. 0-0 Bxe3 19. fxe3 Qxe3+ 20. Rf2 Qc3 21. Nd2 Nc5 22. Qh5+ Ke7 23. Rd1 Rad8 24. Qh6 Kf7 25. Rc1 Qa3 26. Nb3 Ne4 27. Qh5+ Ke7 28. Qg4 Nxf2 29. Qg7+ Kd6 30. Kxf2 Qa7+ 31. Kf1 Qe3 32. Qxb7 Qf4+ 33. Kg1 Qe3+ 34. Kh1 Qe2 35. Qb6+ Kd5 36. Qxf6 Rhe8 37. a4 Rc8 38. Qf7+ Ke4 39. Qxh7 Rh8 40. Qb7+ Kf4 41. Qxb4+ Kxf5 42. Re1 Qc4 43. Qe7 Qf4 44. Qf7+ Kg5 45. Qg7+ Kf5 46. g3 Rxh2+ 47. Kxh2 Qf2+ 48. Kh3 Qxe1 49. Qd7+ Kg5 50. Qe7+ Kg6 51. Qe6+ Kg5 52. Qg4+ Kh6 53. Qf3 Rc7 54. Nc5 Rxc5 55. Qf6+ Kh7 56. Qe7+ Kg6 57. Qd6+ Kg5 58. Qe7+ Kf5 59. g4+ Ke4 60. Qxc5 Qg3+ 61. Kxg3 1/2-1/2

[Event "IECC TH-T email"]
[Site "IECC email"]
[Date "2001.04.11"]
[Round "?"]
[White "Corbat, Philippe"]
[Black "Bucur, Sorin"]
[Result "1/2-1/2"]
[WhiteElo "2049"]
[BlackElo "1620"]
[PlyCount "70"]
[EventDate "2001.??.??"]
[EventType "match (corr)"]
[EventRounds "2"]
[SourceTitle "Corr 2008"]
[Source "ChessBase"]
[SourceDate "2008.06.24"]
[SourceVersion "1"]
[SourceVersionDate "2008.06.24"]
[SourceQuality "1"]

1. e4 d5 2. exd5 Nf6 3. d4 Bg4 4. f3 Bd7 5. c4 e6 6. dxe6 Bxe6 7. Nc3 c6 8. Bg5 Nbd7 9. Bd3 Nb6 10. c5 Nc4 11. Bxc4 Bxc4 12. Nge2 Be7 13. 0-0 0-0 14. Re1 h6 15. Bf4 Qd7 16. b3 Be6 17. Qc2 Rfe8 18. Rad1 b6 19. b4 b5 20. Be5 a5 21. bxa5 Rxa5 22. Nf4 Bf5 23. Qf2 b4 24. Ne4 Bxe4 25. Bxf6 Bxf3 26. Rxe7 Rxe7 27. gxf3 gxf6 28. Qg3+ Kf8 29. Qh4 Ke8 30. Qxf6 Kd8 31. Re1 Ra7 32. d5 Kc8 33. Rxe7 Qxe7 34. Qxc6+ Kb8 35. d6 Qe3+ 1/2-1/2

[Event "IECC TH-T email"]
[Site "IECC email"]
[Date "2001.04.10"]
[Round "?"]
[White "Elcoate, Ian"]
[Black "Bucur, Sorin"]
[Result "0-1"]
[WhiteElo "1750"]
[BlackElo "1563"]
[PlyCount "56"]
[EventDate "2001.??.??"]
[EventType "match (corr)"]
[EventRounds "2"]
[SourceTitle "Corr 2008"]
[Source "ChessBase"]
[SourceDate "2008.06.24"]
[SourceVersion "1"]
[SourceVersionDate "2008.06.24"]
[SourceQuality "1"]

1. d4 Nf6 2. c4 c5 3. d5 e6 4. Nc3 exd5 5. cxd5 d6 6. e4 Be7 7. f4 Bg4 8. Nf3 Nbd7 9. Be2 0-0 10. e5 Ne8 11. Nd2 Bxe2 12. Qxe2 Nb6 13. Nc4 Nc7 14. Nxb6 axb6 15. Qd3 b5 16. Nxb5 Nxb5 17. Qxb5 dxe5 18. Qc4 Bh4+ 19. g3 Bf6 20. 0-0 exf4 21. Rxf4 Re8 22. h4 Bd4+ 23. Rxd4 cxd4 24. Bg5 Qb6 25. Rf1 Rec8 26. Qd3 f6 27. Bf4 Rxa2 28. d6 Qxb2 0-1

[Event "IECC KO email"]
[Site "IECC email"]
[Date "2001.04.06"]
[Round "?"]
[White "Copin, Jean Christophe"]
[Black "Bucur, Sorin"]
[Result "0-1"]
[WhiteElo "1169"]
[BlackElo "1543"]
[PlyCount "42"]
[EventDate "2001.??.??"]
[EventType "tourn (corr)"]
[EventRounds "6"]
[SourceTitle "Corr 2008"]
[Source "ChessBase"]
[SourceDate "2008.06.24"]
[SourceVersion "1"]
[SourceVersionDate "2008.06.24"]
[SourceQuality "1"]

1. e4 c5 2. Nf3 Nc6 3. d4 cxd4 4. Nxd4 Nf6 5. Nc3 e5 6. Nxc6 bxc6 7. Bc4 Bb4 8. 0-0 Bxc3 9. bxc3 d5 10. exd5 cxd5 11. Bb5+ Bd7 12. c4 Bxb5 13. cxb5 0-0 14. a4 Re8 15. Bg5 d4 16. f4 e4 17. Ra3 Rc8 18. f5 Qb6 19. Kh1 e3 20. Qe2 Ne4 21. Qg4 Nf2+ 0-1

[Event "IECC KO email"]
[Site "IECC email"]
[Date "2001.03.28"]
[Round "?"]
[White "Bucur, Sorin"]
[Black "Shutov, Andry"]
[Result "1/2-1/2"]
[WhiteElo "1587"]
[BlackElo "1679"]
[PlyCount "80"]
[EventDate "2001.??.??"]
[EventType "tourn (corr)"]
[EventRounds "6"]
[SourceTitle "Corr 2008"]
[Source "ChessBase"]
[SourceDate "2008.06.24"]
[SourceVersion "1"]
[SourceVersionDate "2008.06.24"]
[SourceQuality "1"]

1. d4 d5 2. c4 c6 3. e3 Nf6 4. Nc3 e6 5. Nf3 b6 6. Bd3 Ba6 7. Qb3 Be7 8. 0-0 0-0 9. e4 dxc4 10. Bxc4 Bxc4 11. Qxc4 b5 12. Qd3 b4 13. Ne2 Nbd7 14. Rd1 c5 15. Bg5 c4 16. Qxc4 Nxe4 17. Bxe7 Qxe7 18. Qc7 Rfe8 19. Rac1 Ndf6 20. Nf4 Qxc7 21. Rxc7 g5 22. Nd3 Nd5 23. Rd7 a5 24. Nc5 Ndf6 25. Rc7 Rac8 26. Nxe4 Nxe4 27. Rdc1 Rxc7 28. Rxc7 Rd8 29. g4 f5 30. gxf5 exf5 31. Kg2 h5 32. Ra7 g4 33. Nh4 Rxd4 34. Ra8+ Kf7 35. Rxa5 Rd2 36. Rxf5+ Ke6 37. b3 Rxa2 38. Rxh5 Rxf2+ 39. Kg1 Rb2 40. Nf5 Ke5 1/2-1/2

[Event "ROM-ch U12"]
[Site "Sovata"]
[Date "2001.??.??"]
[Round "9"]
[White "Bucur, Sorin"]
[Black "Veltan, Mirel Emanuel"]
[Result "1-0"]
[WhiteElo "1650"]
[BlackElo "1650"]
[PlyCount "115"]
[EventDate "2001.03.31"]
[EventType "tourn"]
[EventRounds "11"]
[EventCountry "ROU"]
[SourceTitle "EXT 2008"]
[Source "ChessBase"]
[SourceDate "2007.11.25"]
[SourceVersion "1"]
[SourceVersionDate "2007.11.25"]
[SourceQuality "1"]

1. e4 e5 2. Nf3 Nc6 3. Bb5 g6 4. d3 Bg7 5. Bxc6 dxc6 6. h3 h6 7. Nc3 Ne7 8. Be3 Be6 9. 0-0 0-0 10. Qd2 Kh7 11. Kh2 b6 12. g3 Qd7 13. Ng1 c5 14. b3 Nc6 15. Rad1 Nd4 16. f4 exf4 17. gxf4 f5 18. Nce2 Rad8 19. Ng3 Qf7 20. Qg2 Bd7 21. e5 Bc6 22. Qf2 h5 23. c3 Ne6 24. N3e2 Rd7 25. d4 Rfd8 26. Nf3 Be4 27. Rg1 Bh6 28. Rd2 Qe7 29. Rgd1 cxd4 30. cxd4 Bf8 31. Nc3 Bd5 32. Ng1 Qf7 33. Nge2 c6 34. Nxd5 cxd5 35. Rc1 Rc7 36. Rdc2 Rdc8 37. Rxc7 Rxc7 38. Rxc7 Qxc7 39. Qe1 Qc2 40. Qd2 Qxd2 41. Bxd2 a5 42. Kg2 Kg7 43. Kf3 Nc7 44. Be1 Be7 45. Ke3 Kf7 46. Nc3 Bb4 47. Bd2 Bxc3 48. Bxc3 Nb5 49. Be1 Na7 50. Bh4 Nc6 51. Be1 b5 52. a3 b4 53. axb4 axb4 54. Kd3 Na5 55. Bxb4 Nxb3 56. Bc3 Nc1+ 57. Kd2 Nb3+ 58. Kc2 1-0

[Event "ROM-ch U12"]
[Site "Sovata"]
[Date "2001.??.??"]
[Round "6"]
[White "Matura, Stefan"]
[Black "Bucur, Sorin"]
[Result "1-0"]
[WhiteElo "1695"]
[BlackElo "1650"]
[PlyCount "100"]
[EventDate "2001.03.31"]
[EventType "tourn"]
[EventRounds "11"]
[EventCountry "ROU"]
[SourceTitle "EXT 2008"]
[Source "ChessBase"]
[SourceDate "2007.11.25"]
[SourceVersion "1"]
[SourceVersionDate "2007.11.25"]
[SourceQuality "1"]

1. d4 c5 2. d5 e5 3. e4 d6 4. Bb5+ Nd7 5. a4 Be7 6. Nf3 Ngf6 7. Nc3 a6 8. Bd3 b6 9. 0-0 Nf8 10. Nd2 Ng6 11. Nc4 Rb8 12. f4 exf4 13. Bxf4 Nxf4 14. Rxf4 b5 15. axb5 axb5 16. Ne3 Bd7 17. Nf5 0-0 18. Rf1 Re8 19. Qf3 Bf8 20. Rae1 Qb6 21. Kh1 c4 22. Be2 b4 23. Nb1 Rxe4 24. Nh6+ Kh8 25. Nxf7+ Kg8 26. Nh6+ Kh8 27. Nf7+ Kg8 28. Nh6+ gxh6 29. Qxf6 Re7 30. Bxc4 Rg7 31. Qf3 Qd4 32. b3 Qh4 33. c3 bxc3 34. Nxc3 Qg5 35. Ne4 Qd8 36. Nf6+ Kh8 37. Nxd7 Qxd7 38. Qf5 Qc7 39. Qf6 Be7 40. Qxh6 Rbg8 41. Re2 Rg6 42. Qd2 Bf6 43. Qc2 Be5 44. Bd3 Qxc2 45. Rxc2 Rh6 46. h3 Rg3 47. Bc4 Rhg6 48. Rb1 Rg8 49. b4 h5 50. b5 Bd4 1-0

[Event "ROM-ch U12"]
[Site "Sovata"]
[Date "2001.??.??"]
[Round "8"]
[White "Sfarlog, Tudor Vlad"]
[Black "Bucur, Sorin"]
[Result "1-0"]
[WhiteElo "1635"]
[BlackElo "1650"]
[PlyCount "96"]
[EventDate "2001.03.31"]
[EventType "tourn"]
[EventRounds "11"]
[EventCountry "ROU"]
[SourceTitle "EXT 2008"]
[Source "ChessBase"]
[SourceDate "2007.11.25"]
[SourceVersion "1"]
[SourceVersionDate "2007.11.25"]
[SourceQuality "1"]

1. c4 c5 2. Nc3 g6 3. g3 Bg7 4. Bg2 Nc6 5. d3 d6 6. Nf3 e5 7. 0-0 Nge7 8. Bd2 0-0 9. a3 Be6 10. Rb1 Qd7 11. b4 b6 12. b5 Na5 13. Ng5 Rab8 14. Nxe6 Qxe6 15. Nd5 Nb7 16. a4 Nxd5 17. Bxd5 Qe7 18. Qe1 Nd8 19. a5 Ne6 20. Bc3 Nc7 21. Bg2 f5 22. Ra1 f4 23. axb6 axb6 24. Ra7 g5 25. Rb7 Rxb7 26. Bxb7 g4 27. f3 h5 28. Kh1 Kh8 29. Rg1 gxf3 30. Bxf3 Qe8 31. gxf4 Rxf4 32. Qg3 Ne6 33. Bd5 Rg4 34. Qf2 Rxg1+ 35. Qxg1 Nf4 36. Bf3 Qf7 37. Qa1 Qf8 38. Qd1 Qf7 39. Qf1 Qg6 40. Qg1 Qxg1+ 41. Kxg1 Kh7 42. Ba5 bxa5 43. b6 a4 44. b7 e4 45. Bxe4+ Kh6 46. b8Q Nxe2+ 47. Kf1 Nc3 48. Qxd6+ Kg5 1-0

[Event "IECC TH-T email"]
[Site "IECC email"]
[Date "2000.06.28"]
[Round "?"]
[White "Bucur, Sorin"]
[Black "Karlsson, Roger"]
[Result "1-0"]
[WhiteElo "1326"]
[BlackElo "927"]
[PlyCount "39"]
[EventDate "2000.??.??"]
[EventType "match (corr)"]
[EventRounds "2"]
[SourceTitle "Corr 2008"]
[Source "ChessBase"]
[SourceDate "2008.06.24"]
[SourceVersion "1"]
[SourceVersionDate "2008.06.24"]
[SourceQuality "1"]

1. e4 c5 2. Nf3 Nc6 3. d4 cxd4 4. Nxd4 Nf6 5. Nc3 d6 6. Bg5 Nxd4 7. Qxd4 e5 8. Bb5+ Bd7 9. Qa4 h6 10. Bxf6 gxf6 11. Nd5 Be7 12. Bxd7+ Qxd7 13. Nc7+ Kf8 14. Qxd7 Rd8 15. Qh3 a6 16. Nd5 Rc8 17. Qxc8+ Kg7 18. Qg4+ Kh7 19. Qd7 Rg8 20. Qxe7 1-0

[Event "IECC Swiss email"]
[Site "IECC email"]
[Date "2000.04.18"]
[Round "?"]
[White "Bucur, Sorin"]
[Black "Karlsson, Roger"]
[Result "1-0"]
[WhiteElo "1328"]
[BlackElo "925"]
[PlyCount "73"]
[EventDate "2000.??.??"]
[EventType "tourn (corr)"]
[EventRounds "6"]
[SourceTitle "Corr 2008"]
[Source "ChessBase"]
[SourceDate "2008.06.24"]
[SourceVersion "1"]
[SourceVersionDate "2008.06.24"]
[SourceQuality "1"]

1. d4 Nf6 2. c4 e6 3. Nc3 Bb4 4. Qc2 c5 5. dxc5 0-0 6. Be3 Na6 7. Nf3 Nxc5 8. 0-0-0 b6 9. Bf4 Bb7 10. Bd6 Re8 11. Bxc5 Bxc5 12. e3 Ba6 13. Bd3 h6 14. Kb1 d5 15. cxd5 Bxd3 16. Qxd3 e5 17. Ne4 Nxe4 18. Qxe4 Qd6 19. Rc1 g6 20. Rhd1 f5 21. Qh4 g5 22. Nxg5 hxg5 23. Qxg5+ Kf7 24. b4 Bxb4 25. Rc6 Qe7 26. Qg6+ Kf8 27. Rf6+ Qxf6 28. Qxf6+ Kg8 29. Qg5+ Kh8 30. Qh4+ Kg7 31. Qxb4 Rh8 32. Qe7+ Kg6 33. Qe6+ Kg5 34. f4+ exf4 35. exf4+ Kg4 36. Qg6+ Kh4 37. Qg5# 1-0